000
00277nam a22001337a 4500
082
_a
823
_b
URO/T
100
_a
UROOB
245
_a
THIRAJEDUTHA KATHAKAL
260
_a
KOZHIKODE
_b
POORNNA PUBLICATIONS
_c
1996
300
_a
264
520
_a
NOVEL
650
_a
NOVEL
942
_c
BK
999
_c
5338
_d
5338